| 000 | 00611nam a2200217Ia 4500 | ||
|---|---|---|---|
| 005 | 20250508161854.0 | ||
| 008 | 008 250505s9999 xx 000 0 eng d | ||
| 020 | _a0-396-06279-2 | ||
| 037 | _aTextual | ||
| 040 |
_aFEDL _beng _cFEDL |
||
| 041 |
_aeng _2eng |
||
| 084 |
_a371, CHA _qFEDL |
||
| 100 |
_aChandler B J _992661 |
||
| 245 | 0 | _aEducation and the new teacher | |
| 260 |
_aNew York, USA _bDodd, Mead and Company _c1971 |
||
| 300 | _axiii,250p. | ||
| 650 | _aTeaching | ||
| 700 |
_a Powell Daniel Hazard William R _9771718 |
||
| 942 |
_cTEXL _h371, CHA |
||
| 999 |
_c1372849 _d1372849 |
||